[Event "International Championship of Central Se"]
[Site "Paracin, hotel "]
[Date "2016.07.11"]
[Round "5.1"]
[White "Maksimovic, Masa"]
[Black "Tomic, Slobodan"]
[Result "1-0"]
[WhiteElo "1854"]
[BlackElo "2032"]
[PlyCount "133"]
[EventDate "2016.07.07"]

1. e4 e5 2. Nf3 Nc6 3. Bb5 a6 4. Ba4 Nf6 5. O-O Be7 6. Re1 b5 7. Bb3 d6 8. c3
O-O 9. h3 Na5 10. Bc2 c5 11. d4 Qc7 12. Nbd2 Bd7 13. Nf1 Rac8 14. d5 Rfe8 15.
Ng3 g6 16. Bg5 Kg7 17. Qc1 Ng8 18. b3 Bxg5 19. Qxg5 f6 20. Qd2 Rf8 21. Rf1 Rce8
22. Nh2 Nb7 23. f4 exf4 24. Qxf4 Nd8 25. Rf2 Nf7 26. Raf1 Ne5 27. Qd2 a5 28.
Nf3 b4 29. Nxe5 Rxe5 30. c4 Ree8 31. Ne2 Qd8 32. Qf4 Qe7 33. Qg3 Qe5 34. Nf4
Kh8 35. Kh1 Kg7 36. h4 Nh6 37. Bd1 Kh8 38. Nxg6+ hxg6 39. Qxg6 Ng8 40. Rf5 Bxf5
41. Rxf5 Re7 42. Rh5+ Qxh5 43. Qxh5+ Rh7 44. Qg4 f5 45. Qf4 Re7 46. Bf3 Re5 47.
exf5 Rfxf5 48. Qg3 Rf6 49. Qh3 Rff5 50. Qg3 Rf6 51. Qh3 Rff5 52. Kg1 Nh6 53. g4
Rf4 54. Qg3 Rf8 55. Kg2 Kg7 56. g5 Nf5 57. Qh3 Re3 58. h5 Rc3 59. h6+ Kh8 60.
g6 Rc2+ 61. Kf1 Rc1+ 62. Kf2 Rc2+ 63. Kf1 Rc1+ 64. Ke2 Nd4+ 65. Kd2 Rc2+ 66.
Kd1 Rxf3 67. Qc8+ 1-0

[Event "International Championship of Central Se"]
[Site "Paracin, hotel "]
[Date "2016.07.11"]
[Round "5.2"]
[White "Bojicic, Andjela"]
[Black "Hasman, Cengiz"]
[Result "1/2-1/2"]
[WhiteElo "2038"]
[BlackElo "2072"]
[PlyCount "70"]
[EventDate "2016.07.07"]

1. d4 c5 2. d5 e5 3. e4 d6 4. Nc3 a6 5. a4 g6 6. f4 exf4 7. Bxf4 Bg7 8. Nf3 Nf6
9. Be2 Nh5 10. Be3 Qe7 11. Qd3 O-O 12. O-O Nd7 13. Ne1 Ne5 14. Qd1 Qh4 15. Bxh5
gxh5 16. Nf3 Nxf3+ 17. Qxf3 Bg4 18. Qf2 Qxf2+ 19. Bxf2 Rae8 20. h3 Bd7 21. Bg3
Be5 22. Bxe5 Rxe5 23. Rf6 Rg5 24. Kh2 Rg6 25. Raf1 Kg7 26. R6f4 f6 27. a5 Rb8
28. b3 b5 29. axb6 Rxb6 30. Nd1 Rb8 31. Ne3 Kf7 32. Ra1 Bc8 33. Nf5 Rb6 34. Ne3
Ke7 35. Nc4 Rb8 1/2-1/2

[Event "International Championship of Central Se"]
[Site "Paracin, hotel "]
[Date "2016.07.11"]
[Round "5.3"]
[White "Kostic, Marko"]
[Black "Gajin, Nikola"]
[Result "0-1"]
[WhiteElo "2016"]
[BlackElo "2069"]
[PlyCount "142"]
[EventDate "2016.07.07"]

1. d4 Nf6 2. Bf4 g6 3. e3 Bg7 4. Be2 O-O 5. h3 d6 6. Nf3 Nbd7 7. O-O c5 8. c3
a6 9. a4 Rb8 10. b4 cxb4 11. cxb4 Nd5 12. Qb3 Nxf4 13. exf4 Nf6 14. Nc3 Be6 15.
d5 Bf5 16. Nd4 Ne4 17. Nxe4 Bxe4 18. Rad1 Rc8 19. Bg4 Rc7 20. Rfe1 Bxd4 21.
Rxd4 Bc2 22. Qa2 h5 23. Bf3 Qd7 24. a5 Rfc8 25. g4 hxg4 26. hxg4 Qa4 27. Qxa4
Bxa4 28. g5 Kf8 29. Kg2 Rc4 30. Ree4 Rc3 31. Bg4 R8c7 32. f5 Bc2 33. Rf4 gxf5
34. Bxf5 Bxf5 35. Rxf5 R7c4 36. Rff4 Rxd4 37. Rxd4 Kg7 38. f3 Kg6 39. Re4 Rc7
40. Rf4 Rc2+ 41. Kg3 Rd2 42. Re4 Rxd5 43. Rxe7 Rxg5+ 44. Kf4 Rf5+ 45. Kg3 Rb5
46. Re4 Kf6 47. Kf4 Rf5+ 48. Kg4 Re5 49. Rd4 Ke6 50. f4 Rb5 51. Kh4 Rd5 52.
Re4+ Kf6 53. Kg4 Rd1 54. Rc4 Rb1 55. Rd4 Ke6 56. Kg5 Rg1+ 57. Kh6 d5 58. b5 Ra1
59. bxa6 bxa6 60. Kg7 Rxa5 61. Rb4 Rb5 62. Ra4 a5 63. Ra2 Kf5 64. Ra4 f6 65.
Rd4 Ke6 66. Ra4 Rb4 67. Rxa5 Rxf4 68. Ra6+ Ke5 69. Kf7 d4 70. Ra5+ Ke4 71. Ke6
d3 0-1

[Event "International Championship of Central Se"]
[Site "Paracin, hotel "]
[Date "2016.07.11"]
[Round "5.4"]
[White "Jankov, Saso"]
[Black "Ostojic, Nikola M"]
[Result "0-1"]
[WhiteElo "2007"]
[BlackElo "2050"]
[PlyCount "122"]
[EventDate "2016.07.07"]

1. d4 Nf6 2. Nf3 c5 3. c3 d5 4. h3 Nc6 5. e3 e6 6. Bd3 Bd6 7. Nbd2 O-O 8. O-O
Re8 9. e4 cxd4 10. cxd4 dxe4 11. Nxe4 Be7 12. Be3 Nb4 13. Bb1 Nbd5 14. Bg5 b6
15. Qd3 g6 16. a3 Bb7 17. Nxf6+ Bxf6 18. Bxf6 Qxf6 19. Ba2 Nf4 20. Qe3 Nxh3+
21. gxh3 Qxf3 22. Qxf3 Bxf3 23. Rac1 Red8 24. Rc3 Bh5 25. d5 exd5 26. f3 Rd7
27. h4 d4 28. Rd3 Rad8 29. Kg2 Kg7 30. Rg1 h6 31. Bb3 Rd6 32. Re1 Kf6 33. Kg3
R6d7 34. a4 g5 35. Rc1 Bg6 36. Rd2 d3 37. Bd1 Rd4 38. hxg5+ hxg5 39. Rc7 a5 40.
Rc3 Bf5 41. Rc6+ R8d6 42. Rc3 Bd7 43. b3 Bf5 44. Rc7 Rh4 45. Rc3 Kg7 46. Rc7
Rdh6 47. Re7 Rh3+ 48. Kf2 Rh2+ 49. Ke3 Rxd2 50. Kxd2 Rd6 51. Re5 Kf6 52. Re1
Bd7 53. Re3 Kf5 54. Re1 Be6 55. Re3 Kf4 56. Re4+ Kf5 57. Re3 Kf4 58. Re4+ Kg3
59. Re1 Kf2 60. Rh1 f6 61. Rh6 Bd5 0-1

[Event "International Championship of Central Se"]
[Site "Paracin, hotel "]
[Date "2016.07.11"]
[Round "5.5"]
[White "Nestorovic, Katarina"]
[Black "Jakovljevic, Dejan"]
[Result "0-1"]
[WhiteElo "1974"]
[BlackElo "2016"]
[PlyCount "72"]
[EventDate "2016.07.07"]

1. e4 e6 2. d4 d5 3. Nc3 Bb4 4. e5 Ne7 5. Bd2 b6 6. f4 Nf5 7. Nf3 Nc6 8. Bb5
Bd7 9. Bxc6 Bxc6 10. g4 Nh4 11. O-O h5 12. Nxh4 Qxh4 13. g5 f6 14. Kg2 Bxc3 15.
Bxc3 Bb5 16. Rf3 fxg5 17. fxg5 Qxg5+ 18. Rg3 Qf5 19. a4 h4 20. Rg4 Ba6 21. h3
Rf8 22. Be1 Qf1+ 23. Kh2 Rf3 24. Rg2 O-O-O 25. Bxh4 Rh8 26. Qxf1 Bxf1 27. Rg3
Rf2+ 28. Kg1 Rxc2 29. Be7 Bxh3 30. b4 Bf5 31. Rg2 Rxg2+ 32. Kxg2 g5 33. Bf6 Rh7
34. Rc1 g4 35. Rc3 Be4+ 36. Kg1 Rh1+ 0-1

[Event "International Championship of Central Se"]
[Site "Paracin, hotel "]
[Date "2016.07.11"]
[Round "5.6"]
[White "Mihov, Filip"]
[Black "Olcum, Ahmet"]
[Result "1-0"]
[WhiteElo "1964"]
[BlackElo "2083"]
[PlyCount "113"]
[EventDate "2016.07.07"]

1. c4 e5 2. Nc3 Nc6 3. g3 g6 4. Bg2 Bg7 5. d3 d6 6. e3 Be6 7. Nge2 Qd7 8. b3
Bh3 9. Bf3 f5 10. Qd2 e4 11. Nf4 Ne5 12. Be2 Bg4 13. d4 Nf3+ 14. Bxf3 Bxf3 15.
Rg1 Nf6 16. h3 g5 17. Nfe2 Qf7 18. Ba3 a6 19. c5 Rd8 20. cxd6 cxd6 21. O-O-O
O-O 22. Kb1 b5 23. Rc1 Rd7 24. d5 Rb8 25. Bb4 a5 26. Bxa5 b4 27. Na4 Bxe2 28.
Qxe2 Nxd5 29. Qa6 Qf6 30. Rc8+ Rd8 31. Rxd8+ Rxd8 32. Kc2 Re8 33. Qc4 Qe6 34.
Nb6 Nxb6 35. Qxe6+ Rxe6 36. Bxb6 d5 37. Bd8 g4 38. hxg4 fxg4 39. Rd1 Rd6 40.
Be7 Rc6+ 41. Kb1 Kf7 42. Bxb4 Ke6 43. Rc1 Rxc1+ 44. Kxc1 d4 45. exd4 Bxd4 46.
Be1 e3 47. fxe3 Bxe3+ 48. Kc2 Kd5 49. Kd3 Bg1 50. a4 h5 51. b4 Bh2 52. Ke2 Kc4
53. a5 Kb5 54. Kf1 h4 55. Kg2 hxg3 56. Bxg3 Bxg3 57. Kxg3 1-0

[Event "International Championship of Central Se"]
[Site "Paracin, hotel "]
[Date "2016.07.11"]
[Round "5.7"]
[White "Arandjelovic, Aleksandar Z"]
[Black "Radovanovic, Miroljub B"]
[Result "1-0"]
[WhiteElo "2073"]
[BlackElo "1945"]
[PlyCount "99"]
[EventDate "2016.07.07"]

1. Nf3 Nf6 2. d4 c6 3. c4 d5 4. Nc3 e6 5. Bg5 Be7 6. cxd5 exd5 7. Qc2 O-O 8. e3
h6 9. Bf4 Bd6 10. Be5 Re8 11. Bd3 Qe7 12. h3 Nbd7 13. Bxd6 Qxd6 14. O-O Qe7 15.
Nd2 Nf8 16. Rae1 Qd6 17. f4 Bd7 18. Nf3 c5 19. Ne5 c4 20. Be2 N6h7 21. Bf3 Bc6
22. b3 cxb3 23. Qxb3 Nf6 24. g4 Re7 25. h4 Rd8 26. Rf2 Ne4 27. Bxe4 dxe4 28. g5
Bd5 29. Nxd5 Qxd5 30. Qxd5 Rxd5 31. Rc1 Ng6 32. Rc8+ Kh7 33. gxh6 Nxh4 34. hxg7
Kxg7 35. Rh2 Rdxe5 36. fxe5 Nf3+ 37. Kg2 Nxh2 38. Kxh2 Kg6 39. Kg3 Kf5 40. Rh8
f6 41. Rh5+ Kg6 42. exf6 Kxf6 43. Kf4 b6 44. Rh6+ Kg7 45. Rc6 Kf7 46. Kf5 Kg7
47. d5 Kf7 48. d6 Rd7 49. Rc7 Ke8 50. Ke6 1-0

[Event "International Championship of Central Se"]
[Site "Paracin, hotel "]
[Date "2016.07.11"]
[Round "5.8"]
[White "Brkic, Toma"]
[Black "Taylor, Robert Graham"]
[Result "1-0"]
[WhiteElo "2069"]
[BlackElo "1922"]
[PlyCount "103"]
[EventDate "2016.07.07"]

1. e4 c5 2. b4 e6 3. bxc5 Bxc5 4. d4 Be7 5. Nf3 d6 6. Bd3 Nd7 7. O-O Qc7 8. Bb2
Nh6 9. Nbd2 f6 10. Re1 Nf7 11. Nc4 Nb6 12. Nxb6 Qxb6 13. Ba3 Qc7 14. c4 O-O 15.
Qc2 e5 16. d5 g6 17. Rac1 b6 18. Bb4 Nd8 19. Qd2 Bd7 20. Ra1 Rf7 21. a4 a5 22.
Bc3 Rg7 23. Qc2 Nb7 24. Qb2 Nc5 25. Bc2 Ra6 26. Nd2 g5 27. Nf1 Qc8 28. Ng3 Bd8
29. Bd2 Rf7 30. Be3 Ra8 31. Qa3 Qa6 32. Bxc5 bxc5 33. Reb1 Bc7 34. Qc3 Rff8 35.
Nh5 Bg4 36. Ng3 Bd7 37. Nf5 Bxf5 38. exf5 Rab8 39. Rb5 Rxb5 40. axb5 Qc8 41.
Qh3 Bb6 42. Qh6 Qc7 43. h4 gxh4 44. Ra3 Rf7 45. Rh3 Qe7 46. Qxh4 Rg7 47. Re3
Bd8 48. Kf1 Kf8 49. Bd1 Kg8 50. Bh5 Bb6 51. f4 Bd8 52. Rh3 1-0

[Event "International Championship of Central Se"]
[Site "Paracin, hotel "]
[Date "2016.07.11"]
[Round "5.9"]
[White "Radovic, Goran"]
[Black "Kracunov, Bozidar"]
[Result "0-1"]
[WhiteElo "1946"]
[BlackElo "2069"]
[PlyCount "62"]
[EventDate "2016.07.07"]

1. e4 e6 2. b3 d5 3. Bb2 c5 4. Nc3 Nf6 5. e5 Nfd7 6. Qe2 Nc6 7. f4 Nd4 8. Qd3
Be7 9. Nf3 Nxf3+ 10. Qxf3 O-O 11. O-O-O d4 12. Ne4 f5 13. exf6 Nxf6 14. Bd3 Nd5
15. g3 g6 16. Qe2 Nb4 17. Kb1 Nxd3 18. Qxd3 b6 19. h4 Bb7 20. h5 g5 21. c3 dxc3
22. Qxc3 Bxe4+ 23. d3 Bf6 24. Qxf6 Bxd3+ 25. Ka1 Rxf6 26. fxg5 Rf2 27. Bc3 Qd5
28. g6 c4 29. gxh7+ Kxh7 30. b4 a5 31. Rde1 axb4 0-1

[Event "International Championship of Central Se"]
[Site "Paracin, hotel "]
[Date "2016.07.11"]
[Round "5.10"]
[White "Isak, Igor G"]
[Black "Nikolic, Dejan"]
[Result "1-0"]
[WhiteElo "2064"]
[BlackElo "1913"]
[PlyCount "135"]
[EventDate "2016.07.07"]

1. e4 e6 2. d4 d5 3. Nc3 Bb4 4. exd5 exd5 5. Bd3 c5 6. dxc5 Ne7 7. Bd2 Bxc5 8.
Qh5 Be6 9. Nh3 Bxh3 10. Qxh3 Nbc6 11. O-O Qd7 12. Qxd7+ Kxd7 13. a3 a6 14. Be2
Nd4 15. Bd3 f6 16. Rad1 Rad8 17. Ne2 h5 18. Nxd4 Bxd4 19. c3 Bb6 20. Rfe1 Rde8
21. Bc2 Nc6 22. Bf5+ Kd8 23. Be3 Bxe3 24. Rxd5+ Kc7 25. Rd7+ Kb6 26. Rxe3 Rd8
27. Red3 Rde8 28. g3 Re7 29. Kg2 h4 30. Rxe7 Nxe7 31. Be4 Kc7 32. h3 hxg3 33.
fxg3 b6 34. c4 Rh5 35. h4 Rc5 36. Rc3 a5 37. Kf2 Re5 38. Re3 Nc8 39. Bd5 Kd6
40. Rd3 Kc7 41. Re3 Kd6 42. Ke2 Ne7 43. Be4 Kc5 44. Kd3 f5 45. Bd5 Rxe3+ 46.
Kxe3 b5 47. Be6 Kd6 48. Bf7 bxc4 49. Bxc4 Ke5 50. b4 axb4 51. axb4 Nc8 52. h5
Nd6 53. Bd3 Nc8 54. Bb5 Nb6 55. Bc6 Nc4+ 56. Kf3 Nd2+ 57. Kg2 Kf6 58. Kh3 Nc4
59. b5 Kg5 60. Be8 Nb6 61. Kg2 Kg4 62. Bf7 Nd7 63. Be6 Nc5 64. b6 Nb7 65. Bd5
Nd6 66. Bf3+ Kg5 67. Kf2 Kf6 68. b7 1-0

[Event "International Championship of Central Se"]
[Site "Paracin, hotel "]
[Date "2016.07.11"]
[Round "5.11"]
[White "Rajic, Momcilo"]
[Black "Zajic, Milun"]
[Result "1-0"]
[WhiteElo "1937"]
[BlackElo "2026"]
[PlyCount "69"]
[EventDate "2016.07.07"]

1. d4 b5 2. e4 Bb7 3. f3 a6 4. Bd3 e6 5. Be3 d6 6. Ne2 c5 7. c3 Nf6 8. O-O Nc6
9. Nd2 Be7 10. Bg5 Qb6 11. Be3 Qc7 12. Rc1 c4 13. Bb1 O-O 14. b3 Na5 15. Ng3
Nd7 16. f4 Bh4 17. Qg4 Bxg3 18. hxg3 Rae8 19. Kf2 g6 20. e5 f5 21. Qh4 cxb3 22.
axb3 Nb6 23. c4 bxc4 24. bxc4 Qc6 25. Qh3 Nbxc4 26. exd6 Qa4 27. g4 Rf7 28. Bd3
Nxd2 29. Bxd2 fxg4 30. Qe3 Rxf4+ 31. Qxf4 Rf8 32. Qxf8+ Kxf8 33. Ke2+ Ke8 34.
Rc7 Qxd4 35. Re7+ 1-0

[Event "International Championship of Central Se"]
[Site "Paracin, hotel "]
[Date "2016.07.11"]
[Round "5.12"]
[White "Trifunovic, Borisav"]
[Black "Milosavljevic, Delimir"]
[Result "1-0"]
[WhiteElo "2023"]
[BlackElo "1863"]
[PlyCount "65"]
[EventDate "2016.07.07"]

1. d4 Nf6 2. c4 g6 3. Nc3 Bg7 4. e4 d6 5. Be2 O-O 6. Bg5 c5 7. d5 h6 8. Be3 e6
9. e5 dxe5 10. Bxc5 Re8 11. d6 Nbd7 12. Ba3 a6 13. b4 Nb6 14. Qd2 Bd7 15. Bb2
Rc8 16. c5 Nbd5 17. a3 Nxc3 18. Qxc3 Bc6 19. Nf3 Nd5 20. Qd2 e4 21. Bxg7 Kxg7
22. Nd4 e3 23. fxe3 Qh4+ 24. g3 Qe4 25. Bf3 Qe5 26. Kf2 Bd7 27. Rhc1 Nf6 28.
Qc3 Nd5 29. Qd3 f5 30. Ne2 Bc6 31. Qd4 Qxd4 32. Nxd4 e5 33. Nxc6 1-0

[Event "International Championship of Central Se"]
[Site "Paracin, hotel "]
[Date "2016.07.11"]
[Round "5.13"]
[White "Cetkovic, Stevan"]
[Black "Djuretanovic, Ivan"]
[Result "1/2-1/2"]
[WhiteElo "1906"]
[BlackElo "2011"]
[PlyCount "119"]
[EventDate "2016.07.07"]

1. e4 c5 2. Nf3 Nc6 3. d4 cxd4 4. Nxd4 d6 5. Be3 g6 6. Nc3 Bg7 7. f3 Nf6 8. Qd2
Nxd4 9. Bxd4 O-O 10. Bc4 Bd7 11. Bb3 b5 12. O-O-O a5 13. Nd5 a4 14. Nxf6+ Bxf6
15. Bd5 Bxd4 16. Qxd4 Rc8 17. a3 Qc7 18. Rd2 Be6 19. Bxe6 fxe6 20. h4 h5 21.
Qe3 Kf7 22. g4 Qc5 23. Qh6 Rh8 24. Qf4+ Ke8 25. gxh5 Rxh5 26. Qg4 Kd7 27. Qxg6
Rch8 28. Qg3 b4 29. axb4 Qxb4 30. Qf2 Rc5 31. Qd4 Qxd4 32. Rxd4 Ra5 33. Rb4 a3
34. bxa3 Rxa3 35. Rh3 e5 36. Kd2 Rf8 37. Rb3 Ra1 38. h5 Rg1 39. h6 Rh8 40. Rb7+
Ke6 41. h7 Rg2+ 42. Kd3 Rg6 43. Kc4 Rf6 44. Rb1 Rc8+ 45. Kd3 Rh8 46. Rg1 Kf7
47. Rg2 Rg6 48. Rxg6 Kxg6 49. Kc4 Rxh7 50. Rxh7 Kxh7 51. Kd5 Kg7 52. c4 Kf6 53.
c5 dxc5 54. Kxc5 Kg5 55. Kc6 Kf4 56. Kd5 Kxf3 57. Kxe5 Ke3 58. Kf5 Kd4 59. Ke6
Kxe4 60. Kxe7 1/2-1/2

[Event "International Championship of Central Se"]
[Site "Paracin, hotel "]
[Date "2016.07.11"]
[Round "5.14"]
[White "Vujcic, Milena"]
[Black "Radojkovic, Stefan"]
[Result "1/2-1/2"]
[WhiteElo "1906"]
[BlackElo "1976"]
[PlyCount "35"]
[EventDate "2016.07.07"]

1. e4 c5 2. Nf3 Nf6 3. Nc3 Nc6 4. d4 d5 5. exd5 Nxd5 6. Nxd5 Qxd5 7. c4 Qe4+ 8.
Be3 cxd4 9. Nxd4 Bg4 10. Qc2 Qxc2 11. Nxc2 e5 12. Be2 Bf5 13. O-O-O Be7 14. g4
Be6 15. f4 exf4 16. Bxf4 Rc8 17. b3 O-O 18. Bd6 1/2-1/2

[Event "International Championship of Central Se"]
[Site "Paracin, hotel "]
[Date "2016.07.11"]
[Round "5.15"]
[White "Mijajlovic, Jovan"]
[Black "Miljkovic, Jovana"]
[Result "1-0"]
[WhiteElo "1881"]
[BlackElo "1973"]
[PlyCount "63"]
[EventDate "2016.07.07"]

1. e4 c5 2. Nf3 d6 3. d4 cxd4 4. Nxd4 Nf6 5. Nc3 a6 6. Bg5 e6 7. f4 Qc7 8. Qf3
b5 9. O-O-O Bb7 10. Bd3 Nbd7 11. a3 Rc8 12. Kb1 Be7 13. Rhe1 O-O 14. Qh3 g6 15.
e5 dxe5 16. fxe5 Nxe5 17. Nxe6 fxe6 18. Qxe6+ Rf7 19. Qxe5 Bd6 20. Qe2 Bxa3 21.
bxa3 Qxc3 22. Bc1 Nd5 23. Be4 Qc5 24. Bxd5 Bxd5 25. Bb2 Bc4 26. Qd2 Rf2 27. Qh6
Qc7 28. Qe3 Qc5 29. Qxc5 Rxc5 30. Bd4 Ba2+ 31. Kxa2 Rcxc2+ 32. Kb1 1-0

[Event "International Championship of Central Se"]
[Site "Paracin, hotel "]
[Date "2016.07.11"]
[Round "5.16"]
[White "Krstic, Milos"]
[Black "Gagic, Miroljub"]
[Result "1-0"]
[WhiteElo "1966"]
[BlackElo "1747"]
[PlyCount "153"]
[EventDate "2016.07.07"]

1. e4 g6 2. d4 Bg7 3. Nc3 c6 4. Be3 d5 5. e5 h5 6. f4 Nh6 7. Qd2 Ng4 8. Nf3
Nxe3 9. Qxe3 Qb6 10. O-O-O Bg4 11. Bd3 e6 12. h3 Bxf3 13. Qxf3 h4 14. Ne2 Nd7
15. g4 hxg3 16. Qxg3 Bh6 17. c3 O-O-O 18. h4 Bf8 19. Rh2 Be7 20. Rdh1 Rh5 21.
Qg4 Rhh8 22. h5 gxh5 23. Rxh5 Rhg8 24. Qf3 c5 25. Rh7 Rdf8 26. Bc2 cxd4 27.
Nxd4 Bc5 28. Rd1 Bxd4 29. cxd4 f6 30. Ba4 Rd8 31. Kb1 Nf8 32. Rf7 fxe5 33. fxe5
Kb8 34. Bb3 Rc8 35. Qf6 Qc6 36. Qe7 Ng6 37. Qd7 Qxd7 38. Rxd7 Rc7 39. Rd6 Nf4
40. Ba4 Re7 41. Bd7 Rgg7 42. Ba4 Rg8 43. Rd2 Kc7 44. Rf2 Rf8 45. Kc2 Ng6 46.
Rg2 Nf4 47. Rh2 Rd8 48. Rxd8 Kxd8 49. Rf2 Nh3 50. Rf8+ Kc7 51. Kd3 a6 52. Rf6
b5 53. Bd1 Ng5 54. Rg6 Nf7 55. Bg4 Nd8 56. Ke3 Kd7 57. Kf4 Nc6 58. Ke3 Nd8 59.
Be2 Rh7 60. Rg4 Nc6 61. Kd2 Ne7 62. Kc3 Rh3+ 63. Kc2 Nf5 64. Kd2 Rh4 65. Rxh4
Nxh4 66. a4 Nf5 67. axb5 Nxd4 68. bxa6 Nc6 69. Bb5 Kc7 70. Bxc6 Kxc6 71. b4 Kb6
72. b5 Ka7 73. Kd3 Kb6 74. Kd4 Ka7 75. Kc5 Ka8 76. b6 Kb8 77. Kc6 1-0

[Event "International Championship of Central Se"]
[Site "Paracin, hotel "]
[Date "2016.07.11"]
[Round "5.17"]
[White "Mirkovic, Dejan"]
[Black "Farkas, Sandor I"]
[Result "1-0"]
[WhiteElo "1824"]
[BlackElo "1957"]
[PlyCount "54"]
[EventDate "2016.07.07"]

1. d4 Nf6 2. c4 g6 3. Nf3 Bg7 4. Nc3 O-O 5. e4 d6 6. Be2 Na6 7. h3 e5 8. d5 Nc5
9. Bd3 a5 10. Be3 Ne8 11. g4 f5 12. gxf5 gxf5 13. Bg5 Nf6 14. Rg1 Qe8 15. Bh6
Rf7 16. Be2 Nd3+ 17. Qxd3 fxe4 18. Nxe4 Nxe4 19. Qxe4 Bf5 20. Rxg7+ Kh8 21. Ng5
Rf6 22. Rxh7+ Kg8 23. Rg7+ Kh8 24. Qh4 e4 25. Ne6 Rxe6 26. dxe6 Qxe6 27. Re7
Qg6 1-0

[Event "International Championship of Central Se"]
[Site "Paracin, hotel "]
[Date "2016.07.11"]
[Round "5.18"]
[White "Chekletsova, Darya"]
[Black "Stojkovic, Zoran"]
[Result "0-1"]
[WhiteElo "1582"]
[BlackElo "1952"]
[PlyCount "88"]
[EventDate "2016.07.07"]

1. d4 e6 2. c4 c5 3. Nf3 cxd4 4. Nxd4 Nf6 5. Nc3 Nc6 6. a3 Bc5 7. Nxc6 bxc6 8.
Bf4 Qb6 9. e3 Be7 10. Qc2 d6 11. h3 e5 12. Bg5 Rb8 13. b4 h6 14. Bh4 Be6 15.
Bd3 O-O 16. O-O d5 17. c5 Qd8 18. Qd2 d4 19. exd4 Qxd4 20. Rfd1 Qxh4 21. Qe3
Qg5 22. Qf3 Bd5 23. Nxd5 cxd5 24. Qe2 Nh5 25. Bc2 Nf4 26. Qf3 f5 27. g3 d4 28.
Kh2 Qh5 29. Qxh5 Nxh5 30. c6 g6 31. Bb3+ Kg7 32. Rac1 Rfc8 33. Rc2 Rb6 34. Rdc1
Rc7 35. Be6 d3 36. Rd2 Rcxc6 37. Bc4 Bg5 38. Rxd3 Bxc1 39. Rc3 Bxa3 40. Rxa3
Rxc4 41. Rxa7+ Kf6 42. Rh7 Rbxb4 43. Rxh6 Kg7 44. Rxh5 gxh5 0-1

[Event "International Championship of Central Se"]
[Site "Paracin, hotel "]
[Date "2016.07.11"]
[Round "5.19"]
[White "Tosic, Dragoljub"]
[Black "Colovic, Zoran"]
[Result "0-1"]
[WhiteElo "1888"]
[BlackElo "2099"]
[PlyCount "112"]
[EventDate "2016.07.07"]

1. d4 Nf6 2. Nf3 c5 3. g3 cxd4 4. Nxd4 g6 5. Bg2 Bg7 6. O-O O-O 7. c4 d6 8. Nc3
Nbd7 9. h3 a6 10. b3 Qc7 11. Bd2 Nc5 12. Rc1 Bd7 13. Be3 Rab8 14. Qd2 Rfe8 15.
b4 Ne6 16. Nd5 Qd8 17. Rfd1 Nf8 18. Kh2 b6 19. Nxf6+ Bxf6 20. Nc6 Bxc6 21. Bxc6
Nd7 22. c5 bxc5 23. bxc5 Rb2 24. Rc2 Rxc2 25. Qxc2 Qc7 26. Bxd7 Qxd7 27. c6 Qc7
28. Rb1 Rc8 29. Bh6 Qa7 30. Kg2 Bg7 31. Bxg7 Kxg7 32. Qb2+ e5 33. Qb7 Qxb7 34.
cxb7 Rb8 35. Rb6 d5 36. Kf3 f6 37. Ke3 Kf7 38. Kd3 Ke7 39. Kc3 a5 40. f4 Kd7
41. Rxf6 exf4 42. gxf4 Rxb7 43. Ra6 Rc7+ 44. Kd3 Rc5 45. e3 Kc7 46. Kd4 Rb5 47.
a4 Rb4+ 48. Kxd5 Rxa4 49. Ra7+ Kb6 50. Rxh7 Ra1 51. Rh6 a4 52. Kc4 Ka5 53. Rxg6
Rc1+ 54. Kd3 a3 55. Rg5+ Ka4 56. Rg8 Rc5 0-1

[Event "International Championship of Central Se"]
[Site "Paracin, hotel "]
[Date "2016.07.11"]
[Round "5.20"]
[White "Milosevic, Rade"]
[Black "Ratkovic, Petar"]
[Result "1/2-1/2"]
[WhiteElo "2091"]
[BlackElo "1866"]
[PlyCount "57"]
[EventDate "2016.07.07"]

1. c4 c6 2. Nc3 d5 3. cxd5 cxd5 4. d4 Nf6 5. Nf3 Nc6 6. e3 e6 7. Bd3 Bd6 8. O-O
O-O 9. b3 e5 10. dxe5 Nxe5 11. h3 Bxh3 12. gxh3 Qc8 13. Ne1 Qxc3 14. Bd2 Qc8
15. Kg2 Nxd3 16. Nxd3 Qf5 17. Bc3 Qg5+ 18. Kh1 Qh4 19. Kg2 Ne4 20. Bd4 Rfe8 21.
Qg4 Qxg4+ 22. hxg4 b6 23. f3 Nc5 24. Rad1 Rac8 25. Rf2 Ne6 26. Bb2 Nc5 27. Bd4
Ne6 28. Bb2 Nc5 29. Bd4 1/2-1/2